ARRUPE JESUIT UNIVERSITY

CORONAVIRUS -STOP THE SPREAD - CLEAN,DISINFECT,COVER

Endophysics : (Record no. 123299)

MARC details
000 -LEADER
fixed length control field 01074pam a2200289 a 4500
001 - CONTROL NUMBER
control field 3560199
003 - CONTROL NUMBER IDENTIFIER
control field ARRUPE
005 - DATE AND TIME OF LATEST TRANSACTION
control field 20150911091543.0
008 - FIXED-LENGTH DATA ELEMENTS--GENERAL INFORMATION
fixed length control field 980501s1998 si a b 001 0 eng
010 ## - LIBRARY OF CONGRESS CONTROL NUMBER
LC control number 98019046
020 ## - INTERNATIONAL STANDARD BOOK NUMBER
International Standard Book Number 9810227523
040 ## - CATALOGING SOURCE
Original cataloging agency DLC
Transcribing agency DLC
Modifying agency DLC
050 00 - LIBRARY OF CONGRESS CALL NUMBER
Classification number QC6
Item number .R578 1998
082 00 - DEWEY DECIMAL CLASSIFICATION NUMBER
Classification number 530
Edition number 21
300 ## - PHYSICAL DESCRIPTION
Dimensions 21 cm.
245 10 - TITLE STATEMENT
Title Endophysics :
Remainder of title the world from within, a new approach to the observer-problem with applications in physics, biologt and mathematics. /
Statement of responsibility, etc edited by George kampis and Peter Weibel
260 ## - PUBLICATION, DISTRIBUTION, ETC. (IMPRINT)
Place of publication, distribution, etc Aerial
Name of publisher, distributor, etc Santa Cruz,
Date of publication, distribution, etc 1993.
300 ## - PHYSICAL DESCRIPTION
Extent vii, 238p. ;
650 #0 - SUBJECT ADDED ENTRY--TOPICAL TERM
Topical term or geographic name as entry element Physics
General subdivision Philosophy.
9 (RLIN) 19514
650 #0 - SUBJECT ADDED ENTRY--TOPICAL TERM
Topical term or geographic name as entry element Chaotic behavior in systems.
9 (RLIN) 14155
650 #0 - SUBJECT ADDED ENTRY--TOPICAL TERM
Topical term or geographic name as entry element Quantum theory.
9 (RLIN) 19515
650 #0 - SUBJECT ADDED ENTRY--TOPICAL TERM
Topical term or geographic name as entry element Virtual reality.
9 (RLIN) 10495
700 ## - ADDED ENTRY--PERSONAL NAME
Personal name Kampis, George
Relator term ed.
9 (RLIN) 19818
700 ## - ADDED ENTRY--PERSONAL NAME
Personal name Weibel, Peter
Relator term ed.
9 (RLIN) 19819
906 ## - LOCAL DATA ELEMENT F, LDF (RLIN)
a 7
b cbc
c orignew
d 1
e ocip
f 19
g y-gencatlg
942 ## - ADDED ENTRY ELEMENTS (KOHA)
Source of classification or shelving scheme Library of Congress Classification
Koha item type Monograph ( Printed materials)
Holdings
Withdrawn status Lost status Source of classification or shelving scheme Damaged status Not for loan Collection code Home library Current library Shelving location Date acquired Total Checkouts Full call number Barcode Date last seen Price effective from Koha item type
    Library of Congress Classification     Main Collection ARRUPE LIBRARY ARRUPE LIBRARY Main Collection 08/09/2015   QC6 .R56 1993 46500003910 02/07/2019 08/09/2015 Monograph ( Printed materials)

 

Arrupe Library. PO Box MP320 Mt Pleasant, Harare, Zimbabwe
263 242 745411|librarian@aju.ac.zw